[Event "Bronshoj Sommer Seniors"]
[Site "Copenhagen"]
[Date "2019.09.05"]
[Round "4"]
[White "Surender, Anil"]
[Black "Hove, Svend Kjems"]
[Result "1-0"]
[WhiteElo "2043"]
[BlackElo "1945"]
[PlyCount "71"]
[EventDate "2019.08.15"]
[EventType "swiss"]
[EventRounds "7"]
[EventCountry "DEN"]
[SourceTitle "EXT 2021"]
[Source "ChessBase"]
[SourceDate "2020.10.23"]
[SourceVersion "1"]
[SourceVersionDate "2020.10.23"]
[SourceQuality "1"]

1. d4 c5 2. d5 e5 3. e4 d6 4. c4 g6 5. Bd3 Bg7 6. Ne2 Nh6 7. 0-0 0-0 8. f4 exf4 9. Bxf4 Ng4 10. Nbc3 a6 11. Rb1 Ne5 12. b4 cxb4 13. Rxb4 Nbd7 14. Bc2 Qc7 15. Na4 Nxc4 16. Rxc4 Qxc4 17. Bxd6 b5 18. Bxf8 Kxf8 19. Bb3 Qb4 20. d6 Ne5 21. Qd5 Ra7 22. Nb6 Bf5 23. exf5 Nc4 24. d7 Bf6 25. fxg6 hxg6 26. d8Q+ Bxd8 27. Qxd8+ Kg7 28. Qd4+ Kh7 29. Nxc4 Re7 30. Nd6 Rd7 31. Qxb4 a5 32. Qh4+ Kg7 33. Qf6+ Kh7 34. Rf3 Rxd6 35. Rh3+ Kg8 36. Rh8# 1-0

[Event "Copenhagen Challenge"]
[Site "Ballerup"]
[Date "2015.04.29"]
[Round "1"]
[White "Brynell, Stellan"]
[Black "Surender, Anil"]
[Result "1-0"]
[WhiteElo "2444"]
[BlackElo "2056"]
[PlyCount "53"]
[EventDate "2015.04.29"]
[EventType "swiss"]
[EventRounds "9"]
[EventCountry "DEN"]
[SourceTitle "CBM 166 Extra"]
[Source "ChessBase"]
[SourceDate "2015.06.18"]
[SourceVersion "1"]
[SourceVersionDate "2015.06.18"]
[SourceQuality "1"]

1. e4 g6 2. d4 Bg7 3. Nf3 d6 4. Bc4 e6 5. Bb3 Ne7 6. 0-0 a6 7. Re1 b6 8. c3 h6 9. Nbd2 Bb7 10. Nf1 Nd7 11. Ng3 c5 12. h4 Qc7 13. h5 g5 14. d5 e5 15. Nh2 Rf8 16. Ng4 f5 17. Nxf5 Rxf5 18. exf5 Nxf5 19. Qd3 Ne7 20. Qh7 Kf8 21. Bxg5 hxg5 22. h6 Bf6 23. Nxf6 Nxf6 24. Qg7+ Ke8 25. Qxf6 Bxd5 26. Bxd5 Nxd5 27. Qh8+ 1-0

[Event "Copenhagen Bronshoj op"]
[Site "Copenhagen"]
[Date "2015.02.08"]
[Round "4"]
[White "Surender, Anil"]
[Black "Moe, Mogens"]
[Result "1-0"]
[WhiteElo "2062"]
[BlackElo "2183"]
[PlyCount "77"]
[EventDate "2015.02.06"]
[EventType "swiss"]
[EventRounds "7"]
[EventCountry "DEN"]
[SourceTitle "EXT 2016"]
[Source "ChessBase"]
[SourceDate "2015.10.08"]
[SourceVersion "1"]
[SourceVersionDate "2015.10.08"]
[SourceQuality "1"]

1. e4 c5 2. Nf3 e6 3. d3 Nc6 4. g3 g6 5. Bg2 Bg7 6. 0-0 Nge7 7. Nbd2 0-0 8. Re1 Qc7 9. a4 d5 10. h4 h6 11. c3 Rd8 12. Qe2 b6 13. e5 Ba6 14. Nf1 Nb8 15. N1h2 Nd7 16. Bf4 Qc6 17. Qd2 Kh7 18. b4 b5 19. c4 bxc4 20. b5 Bxb5 21. axb5 Qxb5 22. Reb1 Qc6 23. dxc4 Nb6 24. cxd5 exd5 25. Re1 a5 26. Ng4 Nc4 27. Qc1 Nf5 28. Bxh6 Bxh6 29. Nxh6 Nxh6 30. Ng5+ Kg7 31. Qxc4 Rac8 32. Qf4 Qc7 33. Qf6+ Kg8 34. e6 Rd6 35. Nxf7 Nxf7 36. exf7+ Kf8 37. Re8+ Rxe8 38. fxe8R+ Kxe8 39. Re1+ 1-0

[Event "Copenhagen Bronshoj op"]
[Site "Copenhagen"]
[Date "2015.02.06"]
[Round "1"]
[White "Pedersen, Thorben Landstrom"]
[Black "Surender, Anil"]
[Result "0-1"]
[WhiteElo "1650"]
[BlackElo "2062"]
[PlyCount "76"]
[EventDate "2015.02.06"]
[EventType "swiss"]
[EventRounds "7"]
[EventCountry "DEN"]
[SourceTitle "EXT 2016"]
[Source "ChessBase"]
[SourceDate "2015.10.08"]
[SourceVersion "1"]
[SourceVersionDate "2015.10.08"]
[SourceQuality "1"]

1. e4 g6 2. d4 Bg7 3. Nf3 d6 4. Be3 a6 5. Nbd2 Nd7 6. Bd3 e6 7. c3 Ne7 8. a4 b6 9. 0-0 Bb7 10. Re1 h6 11. Rb1 0-0 12. Nf1 g5 13. Ng3 Nf6 14. e5 Bxf3 15. Qxf3 Nfd5 16. Be4 Nxe3 17. Bxa8 Nc2 18. Re2 Nxd4 19. cxd4 Qxa8 20. Qxa8 Rxa8 21. Rc1 dxe5 22. dxe5 Nd5 23. Nh5 Bf8 24. Re4 Kh7 25. h4 Kg6 26. Ng3 c5 27. h5+ Kh7 28. Ne2 b5 29. Rg4 c4 30. Rg3 Bc5 31. b3 Ba3 32. Ra1 Bb2 33. Ra2 Bxe5 34. Rf3 g4 35. Rg3 Bxg3 36. fxg3 cxb3 37. Rb2 bxa4 38. Nd4 Rb8 0-1

[Event "Lisbon Christmas op"]
[Site "Lisbon"]
[Date "2014.12.29"]
[Round "6"]
[White "Hoffman, Alejandro"]
[Black "Surender, Anil"]
[Result "1-0"]
[WhiteElo "2476"]
[BlackElo "2032"]
[PlyCount "59"]
[EventDate "2014.12.26"]
[EventType "swiss"]
[EventRounds "9"]
[EventCountry "POR"]
[SourceTitle "CBM 164 Extra"]
[Source "ChessBase"]
[SourceDate "2015.03.02"]
[SourceVersion "1"]
[SourceVersionDate "2015.03.02"]
[SourceQuality "1"]

1. g3 g6 2. Bg2 Bg7 3. d4 d6 4. e4 Nf6 5. Ne2 0-0 6. Nbc3 Nbd7 7. 0-0 c5 8. h3 a6 9. a4 Rb8 10. a5 b6 11. axb6 Qxb6 12. Be3 Qc7 13. b3 cxd4 14. Bxd4 Bb7 15. Nd5 Nxd5 16. exd5 Nf6 17. Ra2 Qd7 18. h4 e6 19. Bxf6 Bxf6 20. dxe6 fxe6 21. Bxb7 Rxb7 22. Rxa6 Be7 23. Qd3 Rb4 24. Rfa1 Rf5 25. Ra8+ Bf8 26. Nd4 Rd5 27. Qf3 Qf7 28. Qxf7+ Kxf7 29. R1a7+ Kg8 30. Nxe6 1-0

[Event "Oslo Sveins op 7th"]
[Site "Oslo"]
[Date "2014.06.20"]
[Round "4"]
[White "Surender, Anil"]
[Black "Hoi, Carsten"]
[Result "0-1"]
[WhiteElo "2023"]
[BlackElo "2405"]
[PlyCount "68"]
[EventDate "2014.06.20"]
[EventType "swiss"]
[EventRounds "9"]
[EventCountry "NOR"]
[SourceTitle "EXT 2015"]
[Source "ChessBase"]
[SourceDate "2014.11.20"]
[SourceVersion "1"]
[SourceVersionDate "2014.11.20"]
[SourceQuality "1"]

1. e4 g6 2. d4 Bg7 3. c4 d6 4. Nc3 e5 5. d5 Nd7 6. Be3 Bh6 7. Qd2 Bxe3 8. Qxe3 a5 9. Bd3 Nc5 10. Bc2 h6 11. f4 Nf6 12. fxe5 Ng4 13. Qd4 Nxe5 14. Nf3 Qe7 15. 0-0-0 Bd7 16. Kb1 0-0 17. Nxe5 Qxe5 18. Qd2 Kg7 19. Rde1 Ra6 20. h3 Rfa8 21. Bd1 b6 22. Bg4 Be8 23. Rhf1 a4 24. h4 h5 25. Bf5 f6 26. Bh3 Rb8 27. g4 b5 28. gxh5 bxc4 29. hxg6 Nd3 30. Rf5 Qg3 31. Re3 Rxb2+ 32. Ka1 Qg1+ 33. Re1 Qb6 34. Qe3 Rxa2+ 0-1

[Event "Oslo Sveins op 6th"]
[Site "Oslo"]
[Date "2013.06.22"]
[Round "3"]
[White "Surender, Anil"]
[Black "Kjolberg, Jens Hjorth"]
[Result "1-0"]
[WhiteElo "2021"]
[BlackElo "2011"]
[PlyCount "81"]
[EventDate "2013.06.21"]
[EventType "swiss"]
[EventRounds "9"]
[EventCountry "NOR"]
[SourceTitle "CBM 155 Extra"]
[Source "ChessBase"]
[SourceDate "2013.08.26"]
[SourceVersion "1"]
[SourceVersionDate "2013.08.26"]
[SourceQuality "1"]

1. d4 Nf6 2. c4 e6 3. Nc3 Bb4 4. e3 b6 5. Bd3 Bb7 6. Nf3 0-0 7. 0-0 c5 8. a3 Bxc3 9. bxc3 d6 10. Bb2 Nc6 11. e4 e5 12. d5 Na5 13. Nd2 Qe7 14. Nb3 Nxb3 15. Qxb3 Nd7 16. a4 a5 17. Rae1 g6 18. Bc1 Rab8 19. g3 Bc8 20. Qb1 Rd8 21. Bd2 f6 22. f4 Nf8 23. f5 gxf5 24. exf5 Bd7 25. Qd1 Be8 26. Bh6 Kh8 27. h4 Nd7 28. g4 Bf7 29. Rf2 Rg8 30. Rg2 e4 31. Rxe4 Ne5 32. Bf4 Qd7 33. Bxe5 dxe5 34. Re3 Rg7 35. g5 Qe7 36. g6 Rbg8 37. h5 hxg6 38. hxg6 Rf8 39. Qh5+ Kg8 40. Rh3 Bxg6 41. fxg6 1-0

[Event "DEN-ch qual1"]
[Site "Helsingor"]
[Date "2012.04.05"]
[Round "2"]
[White "Surender, Anil"]
[Black "Jensen, Thore Nyboe"]
[Result "1/2-1/2"]
[WhiteElo "1993"]
[BlackElo "1926"]
[PlyCount "51"]
[EventDate "2012.04.05"]
[EventType "swiss"]
[EventRounds "5"]
[EventCountry "DEN"]
[SourceTitle "EXT 2018"]
[Source "ChessBase"]
[SourceDate "2017.10.13"]
[SourceVersion "1"]
[SourceVersionDate "2017.10.13"]
[SourceQuality "1"]

1. e4 g6 2. d4 Bg7 3. c4 d6 4. Nc3 Nc6 5. Be3 e5 6. d5 Nce7 7. c5 f5 8. cxd6 cxd6 9. f3 Nf6 10. Bd3 0-0 11. Nge2 fxe4 12. Bxe4 Nf5 13. Bf2 b5 14. Nxb5 Rb8 15. Nbc3 Rxb2 16. Rb1 Rxb1 17. Qxb1 Nxe4 18. fxe4 Nd4 19. 0-0 Ba6 20. Re1 Qf6 21. Be3 Qh4 22. Ng3 Bh6 23. Bxh6 Qxh6 24. Qc1 Qxc1 25. Rxc1 Bd3 26. Rd1 1/2-1/2

[Event "IECG CP.2002.P.00044 email"]
[Site "IECG email"]
[Date "2002.10.01"]
[Round "?"]
[White "Surender, Anil"]
[Black "St Amour, Philippe"]
[Result "0-1"]
[WhiteElo "1939"]
[BlackElo "2038"]
[PlyCount "36"]
[EventDate "2002.10.01"]
[EventType "tourn (corr)"]
[EventRounds "6"]
[EventCountry "ITA"]
[SourceTitle "Corr 2024"]
[Source "ChessBase"]
[SourceDate "2023.10.19"]
[SourceVersion "1"]
[SourceVersionDate "2023.10.19"]
[SourceQuality "1"]

1. d4 Nf6 2. c4 e6 3. Nc3 d5 4. cxd5 exd5 5. Bg5 Be7 6. e3 c6 7. Qc2 Nbd7 8. Bd3 0-0 9. Nge2 Re8 10. 0-0-0 a5 11. Kb1 a4 12. Nxa4 Qa5 13. Nac3 b5 14. b3 h6 15. Bxf6 Nxf6 16. h3 Be6 17. g4 Rec8 18. f4 c5 0-1

[Event "IECC CL2-2002.21"]
[Site "IECC email"]
[Date "2002.08.01"]
[Round "?"]
[White "Surender, Anil"]
[Black "Le Duigou, Jean Guy"]
[Result "1/2-1/2"]
[WhiteElo "2037"]
[BlackElo "2116"]
[PlyCount "44"]
[EventDate "2002.??.??"]
[EventType "tourn (corr)"]
[EventRounds "4"]
[SourceTitle "Corr 2008"]
[Source "ChessBase"]
[SourceDate "2008.06.24"]
[SourceVersion "1"]
[SourceVersionDate "2008.06.24"]
[SourceQuality "1"]

1. d4 Nf6 2. c4 e6 3. Nc3 Bb4 4. Qc2 0-0 5. a3 Bxc3+ 6. Qxc3 b6 7. Bg5 Bb7 8. e3 d6 9. f3 Nbd7 10. Bd3 c5 11. Ne2 Rc8 12. Qb3 h6 13. Bh4 d5 14. cxd5 Bxd5 15. Qd1 cxd4 16. Nxd4 Bc4 17. 0-0 Bxd3 18. Qxd3 Qc7 19. Qd2 a6 20. Rac1 Qb7 21. e4 Rxc1 22. Rxc1 Rc8 1/2-1/2

[Event "IECG CB.2002.0.00043 email"]
[Site "IECG email"]
[Date "2002.05.28"]
[Round "1"]
[White "Surender, Anil"]
[Black "Merrifield, David"]
[Result "0-1"]
[WhiteElo "1939"]
[BlackElo "1887"]
[PlyCount "88"]
[EventDate "2002.05.28"]
[EventType "tourn (corr)"]
[EventRounds "6"]
[SourceTitle "Corr 2024"]
[Source "ChessBase"]
[SourceDate "2023.10.19"]
[SourceVersion "1"]
[SourceVersionDate "2023.10.19"]
[SourceQuality "1"]

1. d4 Nf6 2. c4 e6 3. Nc3 Bb4 4. Qc2 0-0 5. a3 Bxc3+ 6. Qxc3 b6 7. Bg5 Ba6 8. e3 h6 9. Bh4 d6 10. f3 Nbd7 11. Bd3 c5 12. Ne2 Rc8 13. b3 cxd4 14. exd4 b5 15. Qb4 bxc4 16. Bxc4 Bxc4 17. bxc4 Nb6 18. Rc1 Nfd5 19. Bxd8 Nxb4 20. axb4 Rfxd8 21. c5 Nd5 22. Rc4 Rb8 23. Kf2 Rxb4 24. Rxb4 Nxb4 25. Ra1 a6 26. Ra5 Kf8 27. g4 Ke7 28. h4 g6 29. Ng3 dxc5 30. dxc5 f5 31. Ne2 g5 32. hxg5 hxg5 33. gxf5 exf5 34. c6 Rd5 35. c7 Kd7 36. Rxd5+ Nxd5 37. Nd4 Ne7 38. Ke3 Kxc7 39. Ne6+ Kd6 40. Nxg5 Ke5 41. Nf7+ Ke6 42. Nd8+ Kd5 43. Nb7 Ng6 44. f4 Ne7 0-1

[Event "IECC CL2-2002.17"]
[Site "IECC email"]
[Date "2002.05.27"]
[Round "?"]
[White "Surender, Anil"]
[Black "Futida, Souitiro"]
[Result "0-1"]
[WhiteElo "2037"]
[BlackElo "2020"]
[PlyCount "34"]
[EventDate "2002.??.??"]
[EventType "tourn (corr)"]
[EventRounds "4"]
[SourceTitle "Corr 2008"]
[Source "ChessBase"]
[SourceDate "2008.06.24"]
[SourceVersion "1"]
[SourceVersionDate "2008.06.24"]
[SourceQuality "1"]

1. d4 Nf6 2. c4 e6 3. Nc3 Bb4 4. Qc2 0-0 5. a3 Bxc3+ 6. Qxc3 b6 7. Bg5 Bb7 8. e3 d6 9. f3 Nbd7 10. Bd3 c5 11. Ne2 Rc8 12. Qb3 h6 13. Bh4 d5 14. cxd5 Bxd5 15. Qd1 cxd4 16. Nxd4 Bb7 17. Qc2 Rxc2 0-1

[Event "IECC CL2-2002.13"]
[Site "IECC email"]
[Date "2002.04.24"]
[Round "?"]
[White "Futida, Souitiro"]
[Black "Surender, Anil"]
[Result "0-1"]
[WhiteElo "2037"]
[BlackElo "2020"]
[PlyCount "62"]
[EventDate "2002.??.??"]
[EventType "tourn (corr)"]
[EventRounds "4"]
[SourceTitle "Corr 2008"]
[Source "ChessBase"]
[SourceDate "2008.06.24"]
[SourceVersion "1"]
[SourceVersionDate "2008.06.24"]
[SourceQuality "1"]

1. d4 Nf6 2. c4 g6 3. Nc3 d5 4. cxd5 Nxd5 5. e4 Nxc3 6. bxc3 Bg7 7. Nf3 c5 8. Rb1 0-0 9. Be2 cxd4 10. cxd4 Qa5+ 11. Bd2 Qxa2 12. 0-0 Bg4 13. Be3 Nc6 14. Rxb7 Rab8 15. Rc7 Rfc8 16. Rxc8+ Rxc8 17. h3 Bxf3 18. Bxf3 Rd8 19. d5 Ne5 20. Qe2 Qa3 21. Rb1 a5 22. Qd1 Nxf3+ 23. Qxf3 a4 24. Qg3 Rc8 25. Qg4 Qc3 26. Rc1 Qxc1+ 27. Bxc1 Rxc1+ 28. Kh2 a3 29. Qe2 Bb2 30. Qa6 Rc2 31. f4 Bc1 0-1

[Event "IECG TE.2001.P.00819 email"]
[Site "IECG email"]
[Date "2001.10.05"]
[Round "?"]
[White "Muller, Henry"]
[Black "Surender, Anil"]
[Result "1/2-1/2"]
[WhiteElo "2097"]
[BlackElo "1930"]
[PlyCount "58"]
[EventDate "2001.10.05"]
[EventType "tourn (corr)"]
[EventRounds "12"]
[SourceTitle "Corr 2008"]
[Source "ChessBase"]
[SourceDate "2008.06.24"]
[SourceVersion "1"]
[SourceVersionDate "2008.06.24"]
[SourceQuality "1"]

1. e4 d6 2. d4 Nf6 3. Nc3 g6 4. Nf3 Bg7 5. Be3 0-0 6. Qd2 c6 7. Bd3 b5 8. Bh6 Bg4 9. Bxg7 Kxg7 10. Ng5 e5 11. dxe5 dxe5 12. h3 Bc8 13. a4 b4 14. Ne2 a5 15. 0-0 h6 16. Nf3 Nbd7 17. Rfd1 Qe7 18. Ng3 Nc5 19. Bc4 Nfxe4 20. Nxe4 Nxe4 21. Qe3 f5 22. Bd3 Qf6 23. Bxe4 fxe4 24. Qxe4 Bxh3 25. gxh3 Qxf3 26. Rd7+ Kh8 27. Qxe5+ Rf6 28. Rf7 Qxf2+ 29. Kh1 Qf3+ 1/2-1/2

[Event "IECG TE.2001.P.00819 email"]
[Site "IECG email"]
[Date "2001.10.05"]
[Round "?"]
[White "Surender, Anil"]
[Black "Topot, Iwan"]
[Result "1-0"]
[WhiteElo "1930"]
[BlackElo "800"]
[PlyCount "35"]
[EventDate "2001.10.05"]
[EventType "tourn (corr)"]
[EventRounds "12"]
[SourceTitle "Corr 2008"]
[Source "ChessBase"]
[SourceDate "2008.06.24"]
[SourceVersion "1"]
[SourceVersionDate "2008.06.24"]
[SourceQuality "1"]

1. e4 d6 2. d4 Nf6 3. Nc3 g6 4. Nf3 Bg7 5. Be3 0-0 6. Qd2 e5 7. 0-0-0 exd4 8. Nxd4 Re8 9. f3 a6 10. h4 Nc6 11. g4 Kf8 12. h5 Nxd4 13. Bxd4 Kg8 14. hxg6 fxg6 15. Nd5 Be6 16. Nxf6+ Bxf6 17. Qh2 Bg7 18. Qxh7+ 1-0

[Event "IECG TE.2001.P.00819 email"]
[Site "IECG email"]
[Date "2001.10.05"]
[Round "?"]
[White "Surender, Anil"]
[Black "Williams, Sean"]
[Result "1-0"]
[WhiteElo "1930"]
[BlackElo "1750"]
[PlyCount "21"]
[EventDate "2001.10.05"]
[EventType "tourn (corr)"]
[EventRounds "12"]
[SourceTitle "Corr 2008"]
[Source "ChessBase"]
[SourceDate "2008.06.24"]
[SourceVersion "1"]
[SourceVersionDate "2008.06.24"]
[SourceQuality "1"]

1. e4 d6 2. d4 Nf6 3. Nc3 g6 4. Nf3 Bg7 5. Be3 0-0 6. Qd2 Ng4 7. Bg5 f6 8. Bh4 Bh6 9. Qd1 f5 10. exf5 Bxf5 11. h3 1-0